Normal view
MARC view
- Oceans
Entry Topical Term
001 - CONTROL NUMBER
- control field: 84195
003 - CONTROL NUMBER IDENTIFIER
- control field: OSt
005 - DATE AND TIME OF LATEST TRANSACTION
- control field: 20230809052324.0
008 - FIXED-LENGTH DATA ELEMENTS
- fixed length control field: 230809|| aca||aabn | a|a d
040 ## - CATALOGING SOURCE
- Original cataloging agency: OSt
- Transcribing agency: OSt
150 ## - HEADING--TOPICAL TERM
- Topical term or geographic name as entry element: Oceans
670 ## - SOURCE DATA FOUND
- Source citation: Work cat.: (OSt)45697: Svarney, Thomas E. , Life in the ocean:, 2007.